LEADER 01491nam a2200289 i 4500 001 000000229073 003 CaOOAMICUS 005 20220817124309.0 008 140424s1827 it u000 u ita u 013 $a207975 026 $aonra e.in ..is egme (3) 1827 (A) 040 $aSeMil$bita 100 0 $aTheodoretus : Cyrensis,$c.$0(OLS)http://semarc/name/508 245 10$aScelta di sentenze e di tratti eloquenti tratti dalle opere di Teodoreto e di S. Basilio il grande. 260 $aMilano :$bPlacido Maria Visaj,$c1827. 300 $aVIII, 149, [3] p. ;$c12°. 490 0 $aAntologia morale, ascetica, oratoria : scelta dalle opere migliori dei padri della chiesa greci e latini .. ;$v33 700 1 $aBasilius : Caesariensis .$0(OLS)http://semarc/name/44060 700 1 $aVisaj, Placido Maria,$c.$0(OLS)http://semarc/name/13585 830 0$aAntologia morale, ascetica, oratoria : scelta dalle opere migliori dei padri della chiesa greci e latini ... ;$v33.$0(OLS)http://semarc/title/327724 850 $aSeMil 852 $aSeMil$W1$xVenegono$y1$m2S I 57 FA$j179419$B179419$CSeMilBibl$Z2$F190518 $8I 900 0 $aTheodoretus$c. 996 $6245$aScelta di sentenze e di tratti eloquenti tratti dalle opere di Teodoreto e di S. Basilio il grande$9(OLS)http://semarc/title/327731 996 $6260$aMilano :$bPlacido Maria Visaj$9(OLS)http://semarc/publisher/31736 LEADER 01330nam a2200289 i 4500 001 000000045596 003 CaOOAMICUS 005 20101117000000.0 008 101117s1992 it u000 u ita u 013 $a16766 020 $a88-215-2461-2 040 $aSeMil$bita 100 1 $aFraccaroli, Arnaldo,$d<1882-1956>.$0(OLS)http://semarc/name/5714 245 10$aGiacomo Lercaro :$bil cardinale che io ho conosciuto /$cArnaldo Fraccaroli ; prefazione di Giacomo Biffi. 260 $aCinisello Balsamo (MI) :$bPaoline,$c1992. 300 $a255 p., [4] p. di tav. ;$c23 cm. 490 0 $aI protagonisti ;$v11 500 $aFondo Conti. - Contiene : scritto autografo del donatore. 600 14$aLercaro, Giacomo .$0(OLS)http://semarc/subject/7456 700 1 $aBiffi, Giacomo,$c.$0(OLS)http://semarc/name/4783 830 2$aI protagonisti ;$v11.$0(OLS)http://semarc/title/5908 850 $aSeMil 852 $aSeMil$W1$xVenegono$y1$m3J I 272$j11751$B11751$CSeMilBibl$Z2$F11751 $81 961 $aOmaggio: Conti Franco 996 $6020$a88-215-2461-2$9(OLS)http://semarc/number/17852 996 $6245$aGiacomo Lercaro :$bil cardinale che io ho conosciuto$9(OLS)http://semarc/title/67843 996 $6260$aCinisello Balsamo (MI) :$bPaoline$9(OLS)http://semarc/publisher/29714